Normal view
MARC view
- Abu Ahmad Idris bin Abdullah al-Ahmadi
Entry Personal Name
001 - CONTROL NUMBER
- control field: 1881
003 - CONTROL NUMBER IDENTIFIER
- control field: OSt
005 - DATE AND TIME OF LATEST TRANSACTION
- control field: 20170505161240.0
008 - FIXED-LENGTH DATA ELEMENTS
- fixed length control field: 170505|| aca||aabn | a|a d
040 ## - CATALOGING SOURCE
- Original cataloging agency: OSt
- Transcribing agency: OSt
100 ## - HEADING--PERSONAL NAME
- Personal name: Abu Ahmad Idris bin Abdullah al-Ahmadi
670 ## - SOURCE DATA FOUND
- Source citation: Work cat.: (OSt)0: Ibrahim, Majdi Fathi al-Sayyid 1878, Mukjizat perubatan dengan air zamzam /, 1992

PORTAL AKMAL
E-MEL JKDM
AKMAL2U
G-BAM
u-PUSTAKA